Ieri oggi e... non domani /

Guardat en:
Dades bibliogràfiques
Autor principal: Palazzeschi, Aldo (Autor)
Altres autors: Conti, Primo (Illustrador)
Format: Llibre
Idioma:italià
Publicat: Firenze : Nuovedizioni E. Vallecchi, 1967
Etiquetes: Afegir etiqueta
Sense etiquetes, Sigues el primer a etiquetar aquest registre!

MARC

LEADER 00000nam a22000007i 4500
001 IT\ICCU\SBL\0094046
003 ItRI
005 20260115232230.0
008 910930s1967 it |||||| ||||| |||||c
015 |2 IT  |a 688264 
040 |b ita  |c importazione bologna sebina 
041 7 |a ita  |2 ISO-639-2 
082 |a 858.91  |9 MISCELLANEA DI LETTERATURA ITALIANA, SEC. 20.  |2 16 
082 |a 858.91  |9 MISCELLANEA ITALIANA. SEC. 20.  |2 17 
100 1 |a Palazzeschi, Aldo  |0 IT\ICCU\CFIV\010556  |4 aut 
240 1 0 |a Ieri oggi e... non domani  |3 IT\ICCU\SBN\0080320  |9 Palazzeschi, Aldo 
245 1 0 |a Ieri oggi e... non domani /  |c Aldo Palazzeschi. 
260 |a Firenze :  |b Nuovedizioni E. Vallecchi,  |c 1967 
300 |a 74 p., [1] c. di tav. :  |b ritr. ;  |c 19 cm 
500 |a Con un disegno di Primo Conti. 
700 1 |a Conti, Primo  |0 IT\ICCU\CFIV\042959  |4 ill 
790 1 |a Giurlani, Aldo  |3 IT\ICCU\CFIV\010558  |z Palazzeschi, Aldo 
942 |2 ddc  |c BK  |n 0 
952 |0 0  |1 0  |4 0  |6 DOC_853_914000000000000_PAL  |7 0  |9 22513  |a BO  |b BO  |d 2026-01-15  |i 2143  |l 0  |o DOC 853.914 PAL  |p BO2143  |r 2026-01-15 23:22:30  |w 2026-01-15  |x [Sebina 7] [1 v.]  |y BK  |z 1 v. 
999 |c 19223  |d 19223